000257421 001__ 257421 000257421 005__ 20260426040121.0 000257421 0247_ $$aG:(GEPRIS)571278583$$d571278583 000257421 035__ $$aG:(GEPRIS)571278583 000257421 040__ $$aGEPRIS$$chttp://gepris.its.kfa-juelich.de 000257421 150__ $$aVon der Fixation zum Fußtritt: kortikale, okulomotorische und gangbezogene Prädiktoren realweltlicher Navigation$$y2026 - 000257421 371__ $$aDr. Tzvetan Popov 000257421 371__ $$aProfessor Dr. Christian Wienbruch 000257421 450__ $$aDFG project G:(GEPRIS)571278583$$wd$$y2026 - 000257421 5101_ $$0I:(DE-588b)2007744-0$$aDeutsche Forschungsgemeinschaft$$bDFG 000257421 680__ $$a 000257421 909CO $$ooai:juser.fz-juelich.de:1056501$$pauthority:GRANT$$pauthority 000257421 909CO $$ooai:juser.fz-juelich.de:1056501 000257421 980__ $$aG 000257421 980__ $$aAUTHORITY
